Beşiktaş JK Squad 2025-2026 - Statistics

General Stats
  • This quiz has been taken 145 times
    20 since last reset
  • The average score is 25 of 36
Answer Stats
# Position Nation Player % Correct
9 FW South Korea Hyeon-gyu Oh
92%
4 MF Nigeria Wilfred Ndidi
92%
53 DF Turkey Emirhan Topçu
85%
30 GK Turkey Ersin Destanoğlu
85%
7 FW Kosovo Milot Rashica
85%
10 MF Turkey Orkun Kökçü
85%
62 DF Panama Amir Murillo
77%
14 DF Germany Felix Uduokhai
77%
15 MF Benin Junior Olaitan
77%
1 GK Turkey Mert Günok
77%
27 FW Portugal Rafa Silva
77%
8 MF Turkey Salih Uçan
77%
- Coach Turkey Sergen Yalçın
77%
81 FW Czech Republic Václav Černý
77%
39 DF Czech Republic David Jurásek
69%
19 FW Mali El Bilal Touré
69%
12 DF Ivory Coast Emmanuel Agbadou
69%
3 DF Brazil Gabriel Paulista
69%
25 DF Turkey Gökhan Sazdağı
69%
2 DF Norway Jonas Svensson
69%
26 FW Portugal Jota Silva
69%
17 MF Turkey Kartal Yılmaz
69%
91 FW Turkey Mustafa Hekimoğlu
69%
33 DF Turkey Rıdvan Yılmaz
69%
9 FW England Tammy Abraham
69%
22 DF Germany Taylan Bulut
69%
35 DF Portugal Tiago Djaló
69%
99 GK Turkey Emre Bilgin
62%
23 MF Albania Kristjan Asllani
62%
20 DF Turkey Necip Uysal
62%
11 FW Turkey Cengiz Ünder
54%
- Coach Norway Ole Gunnar Solskjær
54%
58 DF Turkey Yasin Özcan
54%
96 GK Turkey Emir Yaşar
46%
32 GK Colombia Devis Vásquez
38%
5 MF Turkey Demir Ege Tıknaz
31%
No matching quizzes found
Score Distribution
Percent of People with Each Score
Percentile by Number Answered
Your Score History
You have not taken this quiz since the last reset